000
00233nam a2200097Ia 4500
008
190216s9999||||xx |||||||||||||| ||und||
100
_a
Null
245
0
_a
Hindi-Karabathom Ke Kusumam
260
_b
The University Of Kerala
942
_c
BK
999
_c
17687
_d
17687